| 000 | 00752nam a2200229 a 4500 | ||
|---|---|---|---|
| 001 | BRCA_6053 | ||
| 005 | 20190320205320.0 | ||
| 008 | 130608s2001----us-a---###---#000-0#eng-# | ||
| 050 | 4 |
_aN8050 _b.B38 2001 |
|
| 100 | 1 |
_aBarieau Mauldín, Barbara _915271 |
|
| 245 | 1 | 0 |
_aImages of the Christ Child _bDevotions and Iconography in Europe and New Spain. |
| 260 |
_aAlbuquerque, New Mexico _c2001 |
||
| 300 |
_a523 p. _bil. |
||
| 502 | _aTesis Doctorado (Doctor en Filosofía de Historia del Arte) Universidad de Nuevo México | ||
| 650 | 1 | 4 |
_aJesucristo en el arte _915272 |
| 650 | 1 | 4 |
_aPintura religiosa _94204 |
| 650 | 1 | 4 |
_aEscultura religiosa _915273 |
| 650 | 1 | 4 |
_aArte cristiano _93474 |
| 653 | 0 | _aNiño Jesús | |
| 902 | _aTES | ||
| 942 |
_2lcc _cTES |
||
| 999 |
_c5740 _d5740 |
||